000 00343nam a2200145 a 4500
005 20140412111424.0
008 080205s19uu xx 00 eng d
020 _a81-7862-225-4
050 _aTR(PS E
_bSa1 2004
245 _aSafety.
260 _aUK :
_bNew Dawn Press,
_c2004.
300 _a30p.
440 _aKnow about
999 _c106167
_d106167